| 000 | 00812nmc a2200277 a 4500 | ||
|---|---|---|---|
| 003 | AR-BaBNM | ||
| 005 | 20251128211655.0 | ||
| 008 | 125020s2004 ||||||||||||||000 | spa|| | ||
| 020 | _a987-21092-2-2 | ||
| 040 | _cAR-BaBNM | ||
| 100 | 1 | _aSesto, Carmen | |
| 245 | 1 | 0 |
_aHebe Clementi, una vida de historia _btrayectoria intelectual y política |
| 260 |
_aBuenos Aires _bInstituto Histórico de la Ciudad de Buenos Aires _c2004 |
||
| 300 | 0 | _a317 p. | |
| 490 | 0 |
_aProtagonistas _vv. 2 |
|
| 650 | 4 | _aHISTORIOGRAFIA | |
| 650 | 4 | _aHISTORIOGRAFIA ARGENTINA | |
| 650 | 4 | _aHISTORIADORES | |
| 650 | 4 | _aANALISIS HISTORICO | |
| 650 | 4 | _aINTELECTUALES | |
| 650 | 4 | _aINVESTIGACION HISTORICA | |
| 650 | 4 | _aESCRITURA HISTORICA | |
| 700 | 1 | _aRodríguez Aguilar, María Inés | |
| 942 | _cBK | ||
| 998 | _cmariana | ||
| 999 |
_c20656 _d20656 |
||